[Event "ARG SUD III Sub 20 Girls"]
[Site "Matheu, Buenos Aires"]
[Date "2007.??.??"]
[Round "?"]
[White "Amed, Stephanie"]
[Black "Jurich, Florencia"]
[Result "1-0"]
[WhiteElo "2066"]
[BlackElo "2046"]
[PlyCount "75"]
[EventDate "2007.02.05"]

1. e4 e5 2. Nf3 Nc6 3. Bb5 a6 4. Ba4 Nf6 5. O-O Nxe4 6. d4 b5 7. Bb3 d5 8. dxe5
Be6 9. Be3 Be7 10. Nbd2 Nc5 11. Qe2 d4 12. Bf4 g5 13. Bxe6 Nxe6 14. Bg3 h5 15.
h3 Nb4 16. c3 dxc3 17. bxc3 Nd5 18. c4 Nc3 19. Qe3 b4 20. Ne4 Nxe4 21. Qxe4 O-O
22. Rad1 Qe8 23. h4 g4 24. Nd4 Nxd4 25. Rxd4 Qc8 26. Qc6 Rd8 27. Rxd8+ Qxd8 28.
e6 f5 29. Bxc7 Qe8 30. Qd5 Rc8 31. Bd6 Bxd6 32. e7+ Kg7 33. Qxd6 Rc6 34. Qe5+
Rf6 35. Re1 Kf7 36. Qd5+ Kg7 37. c5 Kg6 38. c6 1-0

[Event "ARG SUD III Sub 20 Girls"]
[Site "Matheu, Buenos Aires"]
[Date "2007.??.??"]
[Round "?"]
[White "Cori Tello, Deysi"]
[Black "Vargas Talavera, Gabriela"]
[Result "1/2-1/2"]
[WhiteElo "2125"]
[BlackElo "2077"]
[PlyCount "45"]
[EventDate "2007.02.05"]

1. d4 d5 2. c4 e6 3. Nc3 Nf6 4. Bg5 c6 5. e3 Nbd7 6. cxd5 exd5 7. Qc2 Be7 8.
Bd3 h6 9. Bh4 Nh5 10. Bxe7 Qxe7 11. Nge2 Nhf6 12. Ng3 Nb6 13. O-O O-O 14. Rfe1
Be6 15. Rad1 Rfe8 16. e4 dxe4 17. Ncxe4 Nxe4 18. Nxe4 Bf5 19. Qc1 Bxe4 20. Rxe4
Qd7 21. Rf4 Nd5 22. Rf3 Re7 23. h3 1/2-1/2

[Event "ARG SUD III Sub 20 Girls"]
[Site "Matheu, Buenos Aires"]
[Date "2007.??.??"]
[Round "?"]
[White "Fernandez, Maria Florencia"]
[Black "Morales Mendoza, Luciana"]
[Result "0-1"]
[WhiteElo "2022"]
[BlackElo "2210"]
[PlyCount "56"]
[EventDate "2007.02.05"]

1. d4 e6 2. c4 Nf6 3. Nc3 d5 4. Nf3 Be7 5. Bg5 O-O 6. e3 Nbd7 7. Bd3 dxc4 8.
Bxc4 a6 9. a4 c5 10. O-O cxd4 11. Nxd4 Qb6 12. Qe2 Ne5 13. Ba2 Bd7 14. Rfd1
Rfd8 15. Rac1 Ng6 16. Bb1 Qa5 17. h4 Rac8 18. f4 h6 19. Bxf6 Bxf6 20. h5 Nf8
21. Ne4 Bxd4 22. exd4 Bxa4 23. Bc2 Bxc2 24. Rxc2 Rxc2 25. Qxc2 Qxh5 26. Qd3 Ng6
27. g3 Ne7 28. Nf2 Nc6 0-1

[Event "ARG SUD III Sub 20 Girls"]
[Site "Matheu, Buenos Aires"]
[Date "2007.??.??"]
[Round "?"]
[White "Jurich, Florencia"]
[Black "Yanigro, Micaela"]
[Result "1-0"]
[WhiteElo "2046"]
[BlackElo "1980"]
[PlyCount "57"]
[EventDate "2007.02.05"]

1. e4 e5 2. Nf3 Nc6 3. Bb5 d6 4. d4 Bd7 5. O-O Nf6 6. Re1 Be7 7. c4 a6 8. Bxc6
Bxc6 9. Nc3 O-O 10. Qb3 exd4 11. Nxd4 Bd7 12. Bg5 h6 13. Bh4 g5 14. Bg3 Nh5 15.
e5 dxe5 16. Bxe5 Bf6 17. Nd5 Bxe5 18. Rxe5 Re8 19. Rae1 Rxe5 20. Rxe5 Nf6 21.
Ne7+ Kh8 22. Ndf5 Bxf5 23. Nxf5 Ng4 24. Re7 Qf8 25. h3 Qxe7 26. Nxe7 Re8 27.
Qc3+ Kh7 28. Qd3+ Kh8 29. hxg4 1-0

[Event "ARG SUD III Sub 20 Girls"]
[Site "Matheu, Buenos Aires"]
[Date "2007.??.??"]
[Round "?"]
[White "Lovece, Ruth"]
[Black "Fernandez, Maria Florencia"]
[Result "1-0"]
[WhiteElo "2052"]
[BlackElo "2022"]
[PlyCount "147"]
[EventDate "2007.02.05"]

1. e4 d6 2. d4 Nf6 3. Nc3 g6 4. h3 Bg7 5. Nf3 c6 6. a4 O-O 7. Be3 Qa5 8. Nd2
Nbd7 9. Be2 d5 10. e5 Ne4 11. Ncxe4 dxe4 12. O-O f5 13. exf6 Nxf6 14. Bc4+ Kh8
15. Qe2 Bd7 16. c3 Bf5 17. Bb3 Nd5 18. Bc2 Nxe3 19. Qxe3 e5 20. Nc4 exd4 21.
Nxa5 dxe3 22. fxe3 Bh6 23. Rfe1 Rad8 24. Re2 Rd5 25. Nb3 Rfd8 26. Rae1 g5 27.
g4 Bg6 28. Rf1 c5 29. Rff2 c4 30. Nd2 b5 31. axb5 Rxb5 32. Nxc4 Bg7 33. Rd2
Rxd2 34. Rxd2 h6 35. Rd8+ Kh7 36. Ba4 Re5 37. Nd2 Ra5 38. Bc2 Ra2 39. Rb8 Bxc3
40. Nxe4 Rxb2 41. Rxb2 Bxb2 42. Kg2 a5 43. Kf3 Kg7 44. Ba4 Kf7 45. Nd6+ Ke6 46.
Nc4 Bc3 47. e4 Kf6 48. Ke3 Bf7 49. Nd6 Ba2 50. Kd3 Be1 51. Bc2 Ke5 52. Nf5 Bb4
53. Nxh6 Kf4 54. Nf5 Ke5 55. Ng3 Kf4 56. Ne2+ Kf3 57. Nd4+ Kg3 58. Bd1 Kxh3 59.
Nf5 Bb1+ 60. Kd4 Kg2 61. Ne3+ Kf2 62. Nd5 Bf8 63. e5 Ba2 64. Nc3 Be6 65. Ne4+
Ke1 66. Nxg5 Bd7 67. Bf3 a4 68. e6 Be8 69. Ke5 a3 70. Bd5 Kd2 71. Ne4+ Kc2 72.
Nd6 Bc6 73. Bc4 Kb2 74. Nf5 1-0

[Event "ARG SUD III Sub 20 Girls"]
[Site "Matheu, Buenos Aires"]
[Date "2007.??.??"]
[Round "?"]
[White "Lovece, Ruth"]
[Black "Yanigro, Micaela"]
[Result "1/2-1/2"]
[WhiteElo "2052"]
[BlackElo "1980"]
[PlyCount "101"]
[EventDate "2007.02.05"]

1. e4 e5 2. Nf3 Nc6 3. Bb5 d6 4. c3 Bd7 5. d4 Nf6 6. d5 Ne7 7. Bxd7+ Qxd7 8.
Nfd2 c6 9. c4 Ng6 10. Nc3 Nf4 11. Qf3 g5 12. Kf1 g4 13. Qe3 h5 14. Ne2 Bh6 15.
Nxf4 Bxf4 16. Qd3 cxd5 17. cxd5 Rc8 18. Nc4 b5 19. Ne3 Bxe3 20. Bxe3 Rc4 21. f3
gxf3 22. gxf3 Qh3+ 23. Kf2 Rg8 24. Rag1 Qh4+ 25. Kf1 Qh3+ 26. Kf2 Rxg1 27. Rxg1
Qxh2+ 28. Rg2 Qh3 29. b3 Rc7 30. Qxb5+ Ke7 31. Qd3 Qc8 32. Kg1 h4 33. Bg5 h3
34. Bxf6+ Kxf6 35. Rd2 Qg8+ 36. Kh2 Rc1 37. Qe3 Qg6 38. Re2 Rf1 39. Rc2 Qh5 40.
Rf2 Qg6 41. Rc2 Qg5 42. Qxg5+ Kxg5 43. Kg3 f5 44. exf5 Kxf5 45. Rc6 h2 46. Kxh2
Rxf3 47. Rxd6 Rf2+ 48. Kg3 Rxa2 49. Rd8 Rb2 50. Rf8+ Kg6 51. Kf3 1/2-1/2

[Event "ARG SUD III Sub 20 Girls"]
[Site "Matheu, Buenos Aires"]
[Date "2007.??.??"]
[Round "?"]
[White "Morales Mendoza, Luciana"]
[Black "Amed, Stephanie"]
[Result "1-0"]
[WhiteElo "2210"]
[BlackElo "2066"]
[PlyCount "53"]
[EventDate "2007.02.05"]

1. e4 e6 2. d4 d5 3. Nd2 c5 4. exd5 Qxd5 5. Ngf3 cxd4 6. Bc4 Qd6 7. O-O Nf6 8.
Nb3 Nc6 9. Nbxd4 Nxd4 10. Nxd4 a6 11. c3 Bd7 12. Qe2 O-O-O 13. a4 Qc7 14. a5
Bd6 15. b4 e5 16. Nb3 e4 17. h3 g5 18. b5 axb5 19. Bxb5 Bxb5 20. Qxb5 Bh2+ 21.
Kh1 Rd5 22. Qb6 Ng4 23. Qb4 Nf6 24. a6 bxa6 25. Rxa6 Rhd8 26. Qa4 Qb7 27. Kxh2
1-0

[Event "ARG SUD III Sub 20 Girls"]
[Site "Matheu, Buenos Aires"]
[Date "2007.??.??"]
[Round "?"]
[White "Morales Mendoza, Luciana"]
[Black "Jurich, Florencia"]
[Result "1-0"]
[WhiteElo "2210"]
[BlackElo "2046"]
[PlyCount "45"]
[EventDate "2007.02.05"]

1. e4 e5 2. Nf3 Nc6 3. Bb5 a6 4. Ba4 Nf6 5. O-O Nxe4 6. d4 b5 7. Bb3 d5 8. dxe5
Be6 9. c3 Bc5 10. Nbd2 O-O 11. Qe2 Bf5 12. Nxe4 dxe4 13. Ng5 e3 14. Bxe3 Bd3
15. Nxf7 Bxe2 16. Nxd8+ Kh8 17. Nxc6 Bxe3 18. fxe3 Bxf1 19. Rxf1 Rxf1+ 20. Kxf1
g6 21. e6 Kg7 22. e7 Re8 23. Be6 1-0

[Event "ARG SUD III Sub 20 Girls"]
[Site "Matheu, Buenos Aires"]
[Date "2007.??.??"]
[Round "?"]
[White "Vargas Talavera, Gabriela"]
[Black "Lovece, Ruth"]
[Result "0-1"]
[WhiteElo "2077"]
[BlackElo "2052"]
[PlyCount "88"]
[EventDate "2007.02.05"]

1. d4 d5 2. Nf3 Nf6 3. g3 c6 4. Bg2 h6 5. b3 Bf5 6. Bb2 e6 7. Nbd2 Bd6 8. O-O
O-O 9. Ne5 Ne4 10. Nxe4 Bxe4 11. Bxe4 dxe4 12. Nc4 Be7 13. Nd2 f5 14. e3 Nd7
15. a3 Qc7 16. Qe2 Bf6 17. Qc4 Rfe8 18. b4 Kh7 19. Nb3 b6 20. Rfd1 Rac8 21. c3
Be7 22. Qxe6 Bd6 23. Qxf5+ Kh8 24. Qh3 Rf8 25. Nd2 Nf6 26. c4 Qf7 27. Rf1 Rce8
28. Rac1 Bb8 29. Qg2 Qg6 30. Rc2 Nh7 31. h4 Qf5 32. Nb1 Nf6 33. Rd2 Rd8 34. Nc3
Rd7 35. Rfd1 Rfd8 36. Qf1 Kg8 37. d5 g5 38. hxg5 hxg5 39. Qe2 Rh7 40. Qf1 Ng4
41. dxc6 Rxd2 42. Rxd2 Nxe3 43. Rd8+ Kf7 44. Rd7+ Kg6 0-1

[Event "ARG SUD III Sub 20 Girls"]
[Site "Matheu, Buenos Aires"]
[Date "2007.??.??"]
[Round "?"]
[White "Yanigro, Micaela"]
[Black "Cori Tello, Deysi"]
[Result "0-1"]
[WhiteElo "1980"]
[BlackElo "2125"]
[PlyCount "64"]
[EventDate "2007.02.05"]

1. e4 e6 2. d4 d5 3. exd5 exd5 4. c4 dxc4 5. Bxc4 Bd6 6. Nc3 Nf6 7. Bg5 O-O 8.
Nge2 Bf5 9. O-O Bxh2+ 10. Kh1 Bd6 11. Nd5 Nbd7 12. Ng3 Bg6 13. Qf3 c6 14. Nxf6+
Nxf6 15. Qb3 h6 16. Bh4 Be7 17. Rae1 Qxd4 18. Bxf6 Bxf6 19. f4 b5 20. Be2 Rfe8
21. Rd1 Qb6 22. f5 Re3 23. Rd3 Rxd3 24. Qxd3 Rd8 25. Qb3 Bh7 26. Bh5 Qd4 27.
Qxf7+ Kh8 28. Re1 Qh4+ 29. Kg1 Bd4+ 30. Kf1 Qxg3 31. Re8+ Rxe8 32. Qxe8+ Bg8
0-1

[Event "ARG SUD III Sub 20 Girls"]
[Site "Matheu, Buenos Aires"]
[Date "2007.??.??"]
[Round "?"]
[White "Zapata, Talia"]
[Black "Fernandez, Maria Florencia"]
[Result "1-0"]
[WhiteElo "2035"]
[BlackElo "2022"]
[PlyCount "42"]
[EventDate "2007.02.05"]

1. d4 Nf6 2. c4 g6 3. Nc3 Bg7 4. e4 d6 5. Nf3 O-O 6. Be2 e5 7. O-O Nbd7 8. Re1
exd4 9. Nxd4 Nc5 10. f3 a5 11. Be3 Ne6 12. Qd2 Nxd4 13. Bxd4 Ne8 14. Qd1 f5 15.
Bxg7 Kxg7 16. c5 Qf6 17. Nd5 Qf7 18. cxd6 cxd6 19. Qd4+ Nf6 20. Bc4 b5 21. Nxf6
Ra7 1-0

[Event "ARG SUD III Sub 20 Boys"]
[Site "Matheu, Buenos Aires"]
[Date "2007.??.??"]
[Round "?"]
[White "Ambrogi, Agustin"]
[Black "Mayorga, Nicolas"]
[Result "1-0"]
[WhiteElo "2159"]
[BlackElo "2231"]
[PlyCount "49"]
[EventDate "2007.02.07"]

1. e4 g6 2. d4 Bg7 3. Nc3 c5 4. dxc5 Bxc3+ 5. bxc3 Qa5 6. Qd4 Nf6 7. f3 Nc6 8.
Qe3 b6 9. Bd2 bxc5 10. Bd3 Ne5 11. c4 Qa4 12. f4 Nxd3+ 13. cxd3 O-O 14. Ne2 d6
15. O-O Bd7 16. h3 Bc6 17. Bc3 Nd7 18. f5 Ne5 19. f6 exf6 20. Rxf6 Rfe8 21.
Rxd6 Rac8 22. Qf4 Nd7 23. Rf1 Re7 24. Rxd7 Rxd7 25. Qf6 1-0

[Event "ARG SUD III Sub 20 Boys"]
[Site "Matheu, Buenos Aires"]
[Date "2007.??.??"]
[Round "?"]
[White "Ambrogi, Agustin"]
[Black "Perez Ponsa, Federico"]
[Result "1-0"]
[WhiteElo "2159"]
[BlackElo "2183"]
[PlyCount "109"]
[EventDate "2007.02.07"]

1. e4 c5 2. d4 cxd4 3. c3 Nf6 4. e5 Nd5 5. Bc4 Qc7 6. Qe2 Nb6 7. Bb3 Nc6 8. Nf3
d6 9. Bf4 e6 10. O-O dxc3 11. Nxc3 d5 12. a4 Bb4 13. Nb5 Qe7 14. a5 Nc4 15.
Bxc4 dxc4 16. Qxc4 O-O 17. Rfd1 Nxa5 18. Qe4 h6 19. Rd3 Qc5 20. Nbd4 Qd5 21.
Qe3 Nc4 22. Qc1 Be7 23. b3 Qe4 24. Qxc4 Qxf4 25. Nc6 Bg5 26. Qxf4 Bxf4 27. Ne7+
Kh7 28. Ra4 g5 29. g3 Bc1 30. Rc3 b5 31. Ra2 Bb7 32. Ne1 Ba3 33. Rc7 Bxe7 34.
Rxb7 Bc5 35. Rxb5 Rac8 36. Rb7 Kg6 37. Kg2 Rfd8 38. f4 g4 39. Re2 Bb6 40. h3 h5
41. f5+ exf5 42. e6 Re8 43. Nd3 fxe6 44. Ne5+ Kh6 45. Nf7+ Kg6 46. Ne5+ Kf6 47.
Nd7+ Kg6 48. Ne5+ Kh6 49. Nf7+ Kg7 50. Nd6+ Kf6 51. Rf7+ Kg6 52. Nxc8 Rxc8 53.
Re7 gxh3+ 54. Kxh3 Rc3 55. Kh4 1-0

[Event "ARG SUD III Sub 20 Boys"]
[Site "Matheu, Buenos Aires"]
[Date "2007.??.??"]
[Round "?"]
[White "Ambrogi, Agustin"]
[Black "Rossi, Leonardo"]
[Result "1-0"]
[WhiteElo "2159"]
[BlackElo "2019"]
[PlyCount "37"]
[EventDate "2007.02.07"]

1. e4 e5 2. Nf3 Nc6 3. Bc4 Bc5 4. c3 Nf6 5. d4 exd4 6. cxd4 Bb4+ 7. Nc3 Nxe4 8.
O-O Nxc3 9. bxc3 d5 10. cxb4 dxc4 11. Re1+ Ne7 12. Bg5 f6 13. Qe2 b5 14. Qe4
Rb8 15. Bf4 Bb7 16. Qf5 Bc8 17. Qc5 Qd7 18. Bxc7 Rb7 19. Bd6 1-0

[Event "ARG SUD III Sub 20 Boys"]
[Site "Matheu, Buenos Aires"]
[Date "2007.??.??"]
[Round "?"]
[White "Ambrogi, Agustin"]
[Black "Zabala, Adriel"]
[Result "1-0"]
[WhiteElo "2159"]
[BlackElo "2093"]
[PlyCount "55"]
[EventDate "2007.02.07"]

1. d4 Nf6 2. e3 g6 3. Nf3 Bg7 4. Be2 d6 5. b3 O-O 6. O-O Nbd7 7. Bb2 Re8 8. c4
e5 9. dxe5 Nxe5 10. Nxe5 dxe5 11. Qxd8 Rxd8 12. Bxe5 Re8 13. Bc3 Bf5 14. Nd2
Rad8 15. Rac1 Bd3 16. Rfe1 Re6 17. Bf3 c6 18. Red1 Red6 19. Nf1 h5 20. Bd4 Bf5
21. Be5 Rxd1 22. Rxd1 Rxd1 23. Bxd1 Bb1 24. Nd2 Bxa2 25. Bc2 Ne4 26. Nxe4 Bxe5
27. Nc5 b6 28. Nd3 1-0

[Event "ARG SUD III Sub 20 Boys"]
[Site "Matheu, Buenos Aires"]
[Date "2007.??.??"]
[Round "?"]
[White "Amed, Stephanie"]
[Black "Cori Tello, Deysi"]
[Result "1/2-1/2"]
[WhiteElo "2066"]
[BlackElo "2125"]
[PlyCount "199"]
[EventDate "2007.02.07"]

1. e4 e6 2. d4 d5 3. Nc3 Bb4 4. e5 c5 5. a3 Bxc3+ 6. bxc3 Qc7 7. Qg4 Ne7 8. Bd2
O-O 9. Bd3 c4 10. Be2 f5 11. Qg3 Qb6 12. Bc1 Bd7 13. h4 Ba4 14. Kd1 Nbc6 15.
Ra2 f4 16. Qh3 Nxd4 17. cxd4 Qxd4+ 18. Bd2 Qxe5 19. Bc3 d4 20. Nf3 Qd5 21. Nxd4
Nf5 22. Qf3 Qd6 23. Qe4 Rfd8 24. Bxc4 Nxd4 25. Bd3 g6 26. Rh3 Bc6 27. Qxd4 Qxd4
28. Bxd4 Rxd4 29. f3 Bb5 30. Ke2 Bxd3+ 31. cxd3 Rad8 32. Rd2 Ra4 33. Ra2 Rd5
34. Rh1 Rda5 35. Rc1 Rxa3 36. Rxa3 Rxa3 37. Rc8+ Kf7 38. Rc7+ Kf6 39. Rxb7 Ra2+
40. Kf1 h6 41. Rh7 h5 42. Rb7 a5 43. Rb5 Ke7 44. d4 a4 45. Ra5 Kd6 46. Kg1 Kc6
47. Kh2 a3 48. Kh3 Ra1 49. Kh2 a2 50. Ra8 Kb5 51. Ra7 Kc4 52. Ra8 Kc3 53. Rc8+
Kd3 54. Ra8 Kc3 55. Rc8+ Kxd4 56. Ra8 Kc3 57. Rc8+ Kd3 58. Rd8+ Ke3 59. Ra8 Kf2
60. Ra7 e5 61. Ra8 Kf1 62. Ra5 Kf2 63. Ra8 Ke2 64. Ra7 Kd2 65. Rd7+ Kc2 66. Ra7
Kb2 67. Rb7+ Kc3 68. Ra7 Kd4 69. Ra8 Ke3 70. Ra7 Kf2 71. Ra3 Ke2 72. Ra8 Kf1
73. Ra5 Kf2 74. Ra8 e4 75. fxe4 f3 76. gxf3 Kxf3 77. e5 Kg4 78. Ra4+ Kf5 79.
Ra5 Kf4 80. e6 Re1 81. Rxa2 Rxe6 82. Rg2 Kf5 83. Rg5+ Kf6 84. Kh3 Re1 85. Kg2
Re3 86. Kh1 Ra3 87. Kg2 Ra2+ 88. Kg3 Re2 89. Kh3 Re4 90. Rg2 Re3+ 91. Kh2 Re5
92. Kh3 Re4 93. Rg5 Re2 94. Rg1 Rf2 95. Rg5 Rf4 96. Kh2 Kf7 97. Rg3 Rf6 98. Rg5
Rf4 99. Rg2 Rf1 100. Rg3 1/2-1/2

[Event "ARG SUD III Sub 20 Boys"]
[Site "Matheu, Buenos Aires"]
[Date "2007.??.??"]
[Round "?"]
[White "Amed, Stephanie"]
[Black "Fernandez, Maria Florencia"]
[Result "1-0"]
[WhiteElo "2066"]
[BlackElo "2022"]
[PlyCount "49"]
[EventDate "2007.02.07"]

1. e4 d6 2. d4 Nf6 3. Nc3 g6 4. f4 Bg7 5. Nf3 O-O 6. Be3 c5 7. dxc5 Qa5 8. Bd2
Qxc5 9. Bd3 Na6 10. Qe2 Nb4 11. Be3 Nxd3+ 12. cxd3 Qa5 13. a3 Ng4 14. Bd2 Qb6
15. Rb1 Be6 16. h3 Rac8 17. hxg4 Bxc3 18. f5 Ba2 19. Bxc3 Rxc3 20. Qd2 f6 21.
Qh6 Kf7 22. bxc3 Qxb1+ 23. Kf2 Qc2+ 24. Kg3 gxf5 25. Qh5+ 1-0

[Event "ARG SUD III Sub 20 Boys"]
[Site "Matheu, Buenos Aires"]
[Date "2007.02.07"]
[Round "?"]
[White "Amed, Stephanie"]
[Black "Lovece, Ruth"]
[Result "1-0"]
[WhiteElo "2066"]
[BlackElo "2052"]
[PlyCount "85"]
[EventDate "2007.02.07"]

1. e4 c5 2. Nf3 d6 3. d4 cxd4 4. Nxd4 Nf6 5. Nc3 Nc6 6. Bg5 Qb6 7. Nb3 e6 8.
Qd2 Be7 9. O-O-O a6 10. f3 O-O 11. h4 Qc7 12. g4 Rd8 13. Bxf6 Bxf6 14. g5 Be7
15. f4 b5 16. Bh3 b4 17. Ne2 Bb7 18. h5 d5 19. e5 d4 20. Kb1 Na5 21. Rhg1 g6
22. Qd3 Nxb3 23. axb3 Bd5 24. hxg6 hxg6 25. Bg2 Bc5 26. Bxd5 Rxd5 27. Ng3 a5
28. Ne4 Rdd8 29. Qh3 Kf8 30. Qh8+ Ke7 31. Qf6+ Ke8 32. Rh1 Bf8 33. Rh8 Rac8 34.
Nd6+ Rxd6 35. exd6 Qxd6 36. Rxd4 Qc5 37. Rd2 Qe7 38. Qe5 Qc5 39. Qf6 Qe7 40.
Qd4 Qc7 41. Rdh2 Ke7 42. Qf6+ Kd6 43. R8h7 1-0

[Event "ARG SUD III Sub 20 Boys"]
[Site "Matheu, Buenos Aires"]
[Date "2007.02.06"]
[Round "?"]
[White "Amed, Stephanie"]
[Black "Zapata, Talia"]
[Result "1-0"]
[WhiteElo "2066"]
[BlackElo "2035"]
[PlyCount "199"]
[EventDate "2007.02.07"]

1. e4 c5 2. Nf3 e6 3. d4 cxd4 4. Nxd4 a6 5. Bd3 Qc7 6. O-O Nf6 7. Qe2 d6 8. c4
Be7 9. Nc3 O-O 10. Be3 Nbd7 11. Rac1 b6 12. f4 Bb7 13. Bf2 Rac8 14. Rfe1 Nc5
15. Bb1 Rfd8 16. e5 Ne8 17. Qh5 g6 18. Qg4 Ng7 19. h4 h5 20. Qe2 dxe5 21. fxe5
Bxh4 22. b4 Bxf2+ 23. Qxf2 Nd7 24. Qf4 Nf8 25. Rf1 Rd7 26. Nce2 Rcd8 27. c5
bxc5 28. bxc5 Bc6 29. Nxc6 Qxc6 30. Be4 Qc7 31. c6 Qa7+ 32. Kh1 Rc7 33. Rb1 Nf5
34. Rfc1 Rb8 35. Qd2 Rxb1 36. Rxb1 Qf2 37. Bxf5 exf5 38. Qd6 Ne6 39. Nc3 Qh4+
40. Kg1 Qd4+ 41. Qxd4 Nxd4 42. Nd5 Rxc6 43. Ne7+ Kf8 44. Nxc6 Nxc6 45. Rb6 Nxe5
46. Rxa6 Ke7 47. a4 Kd7 48. a5 Nc6 49. Ra8 Kc7 50. a6 Kb6 51. Rf8 Kxa6 52. Rxf7
Kb5 53. Rf6 Kc5 54. Rxg6 Kd5 55. Rh6 Nd4 56. Rxh5 Ke5 57. Kf2 Kf6 58. Rh6+ Ke5
59. Ke3 Ne6 60. Rh8 Kf6 61. Ra8 Kg5 62. Ra6 Nf4 63. Kf3 Ng6 64. g3 Ne5+ 65. Ke3
Ng4+ 66. Kd4 Nf6 67. Ke5 Nd7+ 68. Ke6 Nf8+ 69. Ke5 Nd7+ 70. Kd4 Nf6 71. Ra7 Nh5
72. Ke5 Kg4 73. Ra4+ Kg5 74. Ra8 Nf6 75. Rd8 Ng4+ 76. Ke6 Nh6 77. Rf8 Kg6 78.
Rb8 Kg5 79. Rb4 Kg6 80. Rh4 Nf7 81. Rh1 Ng5+ 82. Ke5 Nf7+ 83. Kf4 Ng5 84. Rh2
Ne6+ 85. Ke5 Nd8 86. Rd2 Nf7+ 87. Kf4 Kf6 88. Rd5 Nh6 89. Ra5 Kg6 90. Ra6+ Kh5
91. Rf6 Ng8 92. Rxf5+ Kg6 93. g4 Nh6 94. Ra5 Ng8 95. Ra6+ Kg7 96. g5 Kf7 97.
g6+ Kg7 98. Kg5 Ne7 99. Ra7 Kf8 100. g7+ 1-0

[Event "ARG SUD III Sub 20 Boys"]
[Site "Matheu, Buenos Aires"]
[Date "2007.??.??"]
[Round "?"]
[White "Blit, Jacques"]
[Black "Ambrogi, Agustin"]
[Result "1-0"]
[WhiteElo "2306"]
[BlackElo "2159"]
[PlyCount "55"]
[EventDate "2007.02.07"]

1. c4 e6 2. Nf3 d5 3. e3 Nf6 4. b3 Bd6 5. Bb2 Nbd7 6. Nc3 O-O 7. Rc1 a6 8. Bd3
b6 9. cxd5 exd5 10. Bb1 Re8 11. Ne2 c5 12. Ng3 Bxg3 13. hxg3 d4 14. O-O dxe3
15. dxe3 Bb7 16. Nd2 Qc7 17. Qe2 b5 18. Ba1 Re7 19. Rfd1 Rae8 20. Nf1 Ne5 21.
f3 Qb6 22. e4 Rc7 23. f4 Ng6 24. e5 Qc6 25. Ne3 Ne4 26. Qf3 Nd6 27. Qxc6 Rxc6
28. Rxd6 1-0

[Event "ARG SUD III Sub 20 Boys"]
[Site "Matheu, Buenos Aires"]
[Date "2007.??.??"]
[Round "?"]
[White "Blit, Jacques"]
[Black "Latorre, Matias"]
[Result "0-1"]
[WhiteElo "2306"]
[BlackElo "2009"]
[PlyCount "106"]
[EventDate "2007.02.07"]

1. e4 e6 2. d4 d5 3. Nc3 Bb4 4. Nge2 dxe4 5. a3 Be7 6. Nxe4 Nf6 7. N2g3 Nc6 8.
Be3 O-O 9. f4 Nd5 10. Bc1 f5 11. Ng5 Nxf4 12. Nxh7 Kxh7 13. Bxf4 Qxd4 14. Qxd4
Nxd4 15. O-O-O c5 16. Ne2 Nc6 17. Nc3 e5 18. Be3 Be6 19. Nb5 Rad8 20. Be2 Nd4
21. Bxd4 cxd4 22. Nxa7 Ba2 23. b4 Bd5 24. Bf3 e4 25. Be2 Bf6 26. Nb5 Bc6 27.
Bc4 Be5 28. Rhf1 e3 29. Bd3 g6 30. g3 Kg7 31. Rde1 Ra8 32. Kb2 Bxb5 33. Bxb5
d3+ 34. Kb3 e2 35. Rh1 Rfc8 36. c4 Rd8 37. c5 f4 38. gxf4 Bxf4 39. Rb1 Bd2 40.
a4 Rd4 41. Ka3 Rf8 42. a5 Rf3 43. Ka4 Re3 44. c6 bxc6 45. Bxc6 e1=Q 46. Rhxe1
Bxe1 47. a6 Re7 48. Bb7 d2 49. Rd1 Rd8 50. b5 Bf2 51. Ka5 Re1 52. Bf3 Rd6 53.
Kb4 Bb6 0-1

[Event "ARG SUD III Sub 20 Boys"]
[Site "Matheu, Buenos Aires"]
[Date "2007.??.??"]
[Round "?"]
[White "Blit, Jacques"]
[Black "Lemos, Damian"]
[Result "1/2-1/2"]
[WhiteElo "2306"]
[BlackElo "2475"]
[PlyCount "80"]
[EventDate "2007.02.07"]

1. c4 g6 2. g3 Bg7 3. Bg2 d6 4. Nc3 f5 5. d4 Nf6 6. Nf3 O-O 7. O-O Qe8 8. b3 h6
9. Bb2 g5 10. d5 c5 11. dxc6 Nxc6 12. Nd5 Qf7 13. Nxf6+ Bxf6 14. Bxf6 Qxf6 15.
Qd2 e5 16. Rad1 Rd8 17. h4 g4 18. Nh2 Be6 19. Bd5 Kh8 20. Bxe6 Qxe6 21. Rfe1
Rd7 22. Nf1 Rf8 23. Ne3 f4 24. Nc2 Qf5 25. e3 fxg3 26. fxg3 Qe4 27. Rf1 Rf3 28.
Rxf3 Qxf3 29. Kh2 Rf7 30. Rg1 Qe4 31. Rg2 Rf3 32. Rf2 Rxf2+ 33. Qxf2 Kg7 34.
Qe2 Ne7 35. Nb4 Nf5 36. Nd5 Qf3 37. Qg2 Qd1 38. Qe4 Qe2+ 39. Qg2 Qd3 40. Qf2
Qe4 1/2-1/2

[Event "ARG SUD III Sub 20 Boys"]
[Site "Matheu, Buenos Aires"]
[Date "2007.??.??"]
[Round "?"]
[White "Blit, Jacques"]
[Black "Mayorga, Nicolas"]
[Result "1/2-1/2"]
[WhiteElo "2306"]
[BlackElo "2231"]
[PlyCount "41"]
[EventDate "2007.02.07"]

1. c4 c5 2. Nc3 b6 3. Nf3 Bb7 4. e3 Nf6 5. b3 g6 6. Bb2 Bg7 7. d4 cxd4 8. exd4
d5 9. Be2 O-O 10. O-O Nbd7 11. Re1 a6 12. Rc1 Rc8 13. a4 dxc4 14. Bxc4 e6 15.
Qe2 Nb8 16. Ne5 Nd5 17. Qf3 Nc6 18. Nxc6 Bxc6 19. Ne4 b5 20. axb5 axb5 21. Bf1
1/2-1/2

[Event "ARG SUD III Sub 20 Boys"]
[Site "Matheu, Buenos Aires"]
[Date "2007.??.??"]
[Round "?"]
[White "Borda, Alan"]
[Black "Garnier, René"]
[Result "1-0"]
[WhiteElo "2044"]
[BlackElo "2042"]
[PlyCount "66"]
[EventDate "2007.02.07"]

1. e4 c5 2. c3 d6 3. d4 Nf6 4. Bd3 cxd4 5. cxd4 g6 6. Nf3 Bg7 7. Nc3 O-O 8. O-O
Bg4 9. Be3 Nc6 10. h3 Bxf3 11. Qxf3 Nd7 12. d5 Nce5 13. Qd1 Nxd3 14. Qxd3 a6
15. f4 b5 16. Bd4 Bxd4+ 17. Qxd4 Qb6 18. Ne2 Rfc8 19. Qxb6 Nxb6 20. Rac1 Nc4
21. Rc2 Ne3 22. Rxc8+ Rxc8 23. Rc1 Rxc1+ 24. Nxc1 f5 25. Kf2 Nd1+ 26. Ke2 Nxb2
27. e5 dxe5 28. fxe5 Nc4 29. Nd3 Nb6 30. d6 exd6 31. exd6 Kf7 32. Nc5 a5 33.
Nb7 Nc4 1-0

[Event "ARG SUD III Sub 20 Boys"]
[Site "Matheu, Buenos Aires"]
[Date "2007.??.??"]
[Round "?"]
[White "Borda, Alan"]
[Black "Lemos, Damian"]
[Result "0-1"]
[WhiteElo "2044"]
[BlackElo "2439"]
[PlyCount "139"]
[EventDate "2007.02.07"]

1. e4 c5 2. c3 d5 3. exd5 Qxd5 4. d4 cxd4 5. cxd4 Nc6 6. Nf3 e6 7. Nc3 Qd8 8.
Bc4 Nf6 9. O-O Be7 10. d5 exd5 11. Nxd5 Nxd5 12. Bxd5 O-O 13. Be3 Bf5 14. Rc1
Nb4 15. Bc4 Nc6 16. Nd4 Nxd4 17. Bxd4 Qd6 18. Bc3 Qg6 19. Re1 Bg5 20. Ra1 Rac8
21. Qe2 Bf6 22. Bxf6 Qxf6 23. b3 Rcd8 24. Rad1 g6 25. h3 Kg7 26. Rxd8 Rxd8 27.
Rd1 Rxd1+ 28. Qxd1 Qe5 29. Qe2 a5 30. a4 h6 31. Qd1 g5 32. Qf3 Bg6 33. Qd1 b6
34. Qf3 Qa1+ 35. Kh2 Qe1 36. Be2 Qd2 37. Bc4 Qd4 38. Kg1 Qf4 39. Qc3+ Kh7 40.
Qe1 Qf6 41. Qe3 Kg7 42. Qe1 h5 43. Qe3 h4 44. Kh2 Bf5 45. Qe2 Bd7 46. Qe3 Bc8
47. Qe1 Bb7 48. f3 Qd6+ 49. Kh1 Qf6 50. Qe3 Bc8 51. Kg1 Bf5 52. Kh1 Bg6 53. Kg1
Qd8 54. Qe5+ f6 55. Qe6 Qd4+ 56. Kh2 Qe5+ 57. Qxe5 fxe5 58. Kg1 Kf6 59. Kf2 e4
60. fxe4 Bxe4 61. g3 Ke5 62. gxh4 gxh4 63. Bg8 Bf5 64. Kg2 Kd4 65. Bf7 Kc3 66.
Bg8 Bc2 67. Kf3 Bxb3 68. Bxb3 Kxb3 69. Kg4 Kxa4 70. Kxh4 0-1